Additive Conjuncts in English and Their Vietnamese Translation Equivalents Additive

محفوظ في:
التفاصيل البيبلوغرافية
المؤلف الرئيسي: Mai Trần Đoan Trang
التنسيق: غير معروف
اللغة:English
منشور في: ĐHĐN 2006
الموضوعات:
الوسوم: إضافة وسم
لا توجد وسوم, كن أول من يضع وسما على هذه التسجيلة!
Thư viện lưu trữ: Mạng thư viện Đại học Đà Nẵng
LEADER 00995na a2200253 4500
001 000030868
003 4787
005 20151001092315.0
008 151001s2006 000 eng
082 |a 420.51  |b MA-T  |2 Additive 
100 |a Mai Trần Đoan Trang 
245 |a Additive Conjuncts in English and Their Vietnamese Translation Equivalents  |c Mai Trần Đoan Trang  |n Additive 
260 |a ĐHĐN  |c 2006 
300 |a 77tr. : mh ; 30cm 
650 |a Additive Conjuncts in English and Their Vietnamese Translation Equivalents, Additive, Mai Trần Đoan Trang, 2006 
OWN |a LNN 
AVA |a UDN50  |b LNN  |d 420.51 MA-T  |e available  |t Error 5001 Not defined in file expand_doc_bib_avail.  |f 1  |g 0  |h N  |i 0  |k 1 
999 |a From the UDN01 
AVA |a UDN50  |b LNN  |d 420.51 MA-T  |e available  |t Error 5001 Not defined in file expand_doc_bib_avail.  |f 1  |g 0  |h N  |i 0  |k 1 
TYP |a Printed language 
980 |a Mạng thư viện Đại học Đà Nẵng